000 00749pam a2200265 a 4500
001 2598556
005 20240325015030.0
008 970716s1998 enk bd 001 0 eng
020 _a0415153034 (hardbound)
020 _a0415153042 (pbk.)
040 _aDLC
_cDLC
_dDLC
082 0 0 _a325.303
_221
_bKEY.
100 1 _aAshcroft, Bill,
245 1 0 _aKey concepts in post-colonial studies /
_cBill Ashcroft, Gareth Griffiths, and Helen Tiffin.
260 _aLondon ;
_bRoutledge,
_c1998.
300 _axi, 275 p. ;
650 0 _aColonies
650 0 _aDecolonization
650 0 _aPostcolonialism
650 0 _aEthnic attitudes
650 0 _aRace relations
700 1 _aGriffiths, Gareth,
_eedt
700 1 _aTiffin, Helen.
_eedt
942 _cL
999 _c607
_d607